The most ''famous'' cities in the world - Statistics

General Stats
  • This quiz has been taken 102 times
  • The average score is 63 of 99
Answers on the Map
Answers color-coded by a green-red scale on the quiz's map according to % correct below.
 
Answer Stats
Answer % Correct
tokyo
88%
mexico city
85%
london
84%
new york
84%
mus
83%
los ángeles
81%
los angeles
81%
paris
81%
beijing
79%
madrid
79%
berlin
78%
moscow
78%
rome
78%
barcelona
76%
lisbon
76%
new delhi
76%
shanghai
76%
sydney
76%
cairo
75%
dubai
75%
ho
75%
rio de janeiro
75%
chicago
74%
istanbul
74%
taranto
74%
toronto
74%
delhi
73%
helsinki
73%
buenos aires
72%
seoul
72%
budapest
71%
man
70%
van
70%
dublin
69%
miami
69%
washington D.C.
69%
amsterdam
67%
cape town
67%
havana
67%
oslo
67%
stockholm
67%
athens
66%
melbourne
66%
milan
66%
mumbai
66%
saint petersburg
66%
jakarta
65%
lima
65%
santiago
65%
sao paulo
65%
vancouver
65%
brussels
63%
kiev
63%
manchester
63%
munich
63%
vienna
63%
boston
62%
brasilia
62%
copenhagen
61%
edinburgh
61%
las vegas
61%
liverpool
61%
wellington
61%
porto
60%
seattle
60%
alexandria
58%
dallas
58%
naples
58%
prague
58%
san francisco
58%
warsaw
58%
ankara
57%
frankfurt
57%
venice
57%
glasgow
56%
hamburg
56%
lyon
56%
nice
56%
reykjavik
56%
bern
55%
marseille
54%
montreal
53%
perth
53%
san diego
53%
sofia
53%
houston
52%
tunis
52%
birmingham
51%
ottawa
49%
honolulu
48%
san josé
47%
san jose
47%
belfast
46%
kingston
46%
sanaa
46%
de'an
43%
denver
42%
anchorage
40%
kara
11%
No matching quizzes found
Score Distribution
Percent of People with Each Score
Percentile by Number Answered
Your Score History
You have not taken this quiz